000 00715nam a22002297a 4500
005 20160811110623.0
008 160811b sp ||||| |||| 00| 0 spa d
020 _a8430116036
050 0 4 _aD16.8
_bL48 2006
100 1 _aLévinas, Emmanuel
245 1 4 _aLos imprevistos de la historia /
_cLévinas, Emmanuel aut.; Checchi, Tania tr.
250 _a1a ed.
260 _aSalamanca, España :
_bSígueme,
_c2006.
300 _a206 p. ;
_c21 cm.
490 0 _aHermeneia,
_v68.
500 _aTraducción de : Les Imprévus de l´ Histoire
504 _aIncluye índice
650 4 _aFilsofía
_xHistoria
650 4 _aFilosofía de la historia
700 1 _aChecchi, Tania
_etr.
942 _2lcc
_cLIB
999 _c119443
_d119443